000
00324cam a2200133ua 4500
020
_a
81-7216-014-3
082
_a
155.2
_b
JAG/PE
100
_a
Jagdish, Prakash C .
_9
1467
245
_a
Personality Through Perception /
250
_a
1 /
260
_a
:
_b
Friends Publications ,
_c
1993.
300
_a
238 ; .
942
_c
REF
999
_c
7777
_d
7777